| 000 | 00371nam a22001457a 4500 | ||
|---|---|---|---|
| 003 | OSt | ||
| 005 | 20160727222344.0 | ||
| 008 | 160621b xxu||||| |||| 00| 0 eng d | ||
| 040 | _cTEST | ||
| 100 |
_9201 _aTiny Tot |
||
| 245 |
_aCap 'O' Rushes _bAn English Traditional |
||
| 260 |
_aD _b Tiny Tot _c1998 |
||
| 300 | _aCap 'O' Rushes - An English Traditional | ||
| 942 |
_2ddc _cBK |
||
| 999 |
_c160 _d160 |
||